000 00290nam a22001337a 4500
008 170131b xxu||||| |||| 00| 0 eng d
020 _a2900781794854
041 _aeng
080 _210TH
_a61
100 _a3
101 _aSHM
245 _aMEDICAL EMBYOLOGY
_cSADLER, T.W
942 _2udc
_cBK
999 _c4103
_d4103